The new gangs: young, armed and dangerous
| 1. VerfasserIn: | |
|---|---|
| Medienart: | Druck Buch |
| Sprache: | Englisch |
| Veröffentlicht: |
Monticello, Ill.
Vance Bibliogr.
1988
|
| In: |
Public administration series (2494)
Jahr: 1988 |
| Bestand in Tübingen: | In Tübingen vorhanden. UB: KB 8 E 2600 |
| Verfügbarkeit prüfen: | HBZ Gateway |
| Subito Bestelldienst: | Jetzt bestellen. |
| Schlagwörter: |
MARC
| LEADER | 00000cam a2200000 c 4500 | ||
|---|---|---|---|
| 001 | 271874775 | ||
| 003 | DE-627 | ||
| 005 | 20251222212127.0 | ||
| 007 | tu | ||
| 008 | 890320s1988 xx ||||| b 00| ||eng c | ||
| 020 | |a 1555909248 |9 1-55590-924-8 | ||
| 035 | |a (DE-627)271874775 | ||
| 035 | |a (DE-576)017380901 | ||
| 035 | |a (DE-599)GBV271874775 | ||
| 035 | |a (OCoLC)246696511 | ||
| 035 | |a (OCoLC)18400705 | ||
| 040 | |a DE-627 |b ger |c DE-627 |e rakwb | ||
| 041 | |a eng | ||
| 082 | 0 | |a 016.3641/06/073 | |
| 100 | 1 | |a Watts, Tim J. |4 aut | |
| 245 | 1 | 4 | |a The new gangs |b young, armed and dangerous |c Tim J. Watts |
| 264 | 1 | |a Monticello, Ill. |b Vance Bibliogr. |c 1988 | |
| 300 | |a 15 S. | ||
| 336 | |a Text |b txt |2 rdacontent | ||
| 337 | |a ohne Hilfsmittel zu benutzen |b n |2 rdamedia | ||
| 338 | |a Band |b nc |2 rdacarrier | ||
| 490 | 1 | |a Public administration series |a Bibliography |v 2494 | |
| 583 | 1 | |a Archivierung prüfen |c 20200919 |f DE-640 |z 2 |2 pdager | |
| 655 | 7 | |a Bibliografie |0 (DE-588)4006432-3 |0 (DE-627)104814519 |0 (DE-576)208865578 |2 gnd-content | |
| 830 | 0 | |a Public administration series |v 2494 |9 2494 |w (DE-627)130744360 |w (DE-576)007930119 |w (DE-600)987018-0 |x 0193-970X |7 am | |
| 951 | |a BO | ||
| ELC | |b 1 | ||
| LOK | |0 000 xxxxxcx a22 zn 4500 | ||
| LOK | |0 001 3317965630 | ||
| LOK | |0 003 DE-627 | ||
| LOK | |0 004 271874775 | ||
| LOK | |0 005 20151030135839 | ||
| LOK | |0 008 890320||||||||||||||||ger||||||| | ||
| LOK | |0 040 |a DE-21 |c DE-627 |d DE-21 | ||
| LOK | |0 852 |a DE-21 | ||
| LOK | |0 852 1 |c KB 8 E 2600 |9 00 | ||
| LOK | |0 935 |a krim | ||
| LOK | |0 939 |a 20-03-89 |b l01 | ||
| ORI | |a SA-MARC-krimdoka001.raw | ||
| SIG | |a UB: KB 8 E 2600 | ||
